000 00680nam a2200265Ia 4500
005 20260121171535.0
008 008 260114s9999 xx 000 0 eng d
020 _a9789811504785
037 _aEBOOK
040 _aCRL
040 _beng
040 _cCRL
041 _2eng
041 _aeng
084 _qCRL
100 _aSeyed Mohammad Lolaki
_91077474
245 0 _aDiverging Approaches of Political Islamic Thought in Iran since the 1960s
260 _bSpringer
260 _bSpringer
260 _c2020
856 _uhttps://link.springer.com/openurl?genre=book&isbn=978-981-15-0478-5
942 _cEBOOK
999 _c1643205
_d1643205